The Gettysburg Address Quiz Stats

 Plays Quiz Updated Feb 7, 2016

Score 0/75 Timer 07:00
0 Plays Today
% Correct
Four ___ andscore
97.6%
____ years agoseven
95.1%
a new ___,nation
86.8%
are created ___.equal.
85.3%
our fathers ___ forthbrought
84.6%
conceived in ___,Liberty
82.1%
in a great ___ war,civil
78.5%
upon this ___,continent
74.9%
and ___ to thededicated
70.6%
or __ nation soany
70%
gave their ___lives
68.7%
on a great ____battle-field
66.2%
of that ___.war
65.9%
Now we are ___engaged
65.2%
__ for those who hereplace
64.9%
___ that all menproposition
63.9%
as a ___ restingfinal
62.8%
living and ___,dead
60%
___ andconceived
59.5%
that that nation ___ live.might
57.8%
___ whether that nation,testing
57.4%
___. We are metendure
56.9%
We have __ tocome
56.2%
so dedicated, can ___long
56%
of that ___,field
55.3%
It is altogether __fitting
54.9%
dedicate a ___portion
54.4%
and ___ that weproper
53.5%
The ___ men,brave
51.6%
-- we can not ___consecrate
50.5%
___ do this.should
50.4%
The ___ willworld
48.2%
-- we can not ___hallow
48%
nor long ____remember
47.9%
what they ___ here.did
47.9%
-- this ___.ground
47.5%
It is for us the ___,living
47.5%
___, we can not dedicatesense
46.8%
% Correct
but it can never ___forget
46.3%
have consecrated it, ___far
44.8%
of the ___people
44.4%
___ here have thusfought
43.5%
what we __ here,say
43.1%
But, in a ___larger
43.1%
not have ___died
42.9%
to add or ___.detract
42.9%
from the ___.Earth
41.7%
nation ___ God,under
41.3%
__ the peopleby
41%
little ___,note
39.3%
above our ___ powerpoor
39%
and for the people, ___shall
38.3%
not ___perish
36.3%
in ___ -- that thisvain
35.7%
who ___ herestruggled
35.1%
___, to be dedicatedrather
31.1%
be ___ dedicated tohere
30.3%
-- and ___government
29.9%
they ___gave
29.2%
of ___freedom
29.1%
the great ___task
28.9%
___ of devotionmeasure
27.2%
so far ___nobly
27.2%
___ which they whowork
26.2%
___. It is rather for us toadvanced
26.1%
shall have a new ___birth
25.8%
here to the ___unfinished
25.3%
___ for whichcause
25%
the last ___full
24.9%
-- that from these ____honored
24.5%
____ before usremaining
21.4%
___ to thatdevotion
20.9%
dead we take ___increased
18.7%
___ that these dead shallresolve
16.3%
-- that we here ___highly
15.2%

You're not logged in!

Compare scores with friends on all Sporcle quizzes.
OR
Log In

Sporcle TV

Today on Sporcle TV


Watch our educational content, quiz creation guides, and fun videos on Sporcle TV.

Show Comments

Extras

Top Quizzes Today


Score Distribution

Your Account Isn't Verified!

In order to create a playlist on Sporcle, you need to verify the email address you used during registration. Go to your Sporcle Settings to finish the process.

Report this User

Report this user for behavior that violates our Community Guidelines.

Details: